How Lucky Are You? (Tile Select) - Statistics

General Stats
  • This quiz has been taken 8,862 times
  • The average score is 10 of 20
Answer Stats
Question Tile Select % Correct
tiles below Pick me Yes
51%
tiles below Pick me No
51%
tiles below Pick me No
51%
tiles below Pick me Yes
51%
tiles below Pick me No
51%
tiles below Pick me Yes
50%
tiles below Pick me No
50%
tiles below Pick me Yes
50%
tiles below Pick me Yes
50%
tiles below Pick me Yes
50%
tiles below Pick me Yes
50%
tiles below Pick me No
50%
tiles below Pick me Yes
50%
tiles below Pick me No
49%
tiles below Pick me No
49%
tiles below Pick me Yes
49%
tiles below Pick me No
49%
tiles below Pick me Yes
49%
tiles below Pick me No
48%
tiles below Pick me No
48%
No matching quizzes found
Score Distribution
Percent of People with Each Score
Percentile by Number Answered
Your Score History
You have not taken this quiz